Degrees of unsolvability /
Guardado en:
| Autor Principal: | |
|---|---|
| Formato: | Libro |
| Idioma: | English |
| Publicado: |
Princeton, New Jersey :
Princeton University Press,
1963.
|
| Series: | Annals of mathematics studies ;
no. 55 |
| Etiquetas: |
Agregar Etiqueta
Sin Etiquetas, Sea el primero en etiquetar este registro!
|
| LEADER | 00516nam a22001575a 4500 | ||
|---|---|---|---|
| 001 | MAT.inmabb001333 | ||
| 008 | 031122s1963####nju###########000#0#eng#d | ||
| 005 | 20170815120821.0 | ||
| 245 | 1 | 0 | |a Degrees of unsolvability / |c by Gerald E. Sacks. |
| 260 | |a Princeton, New Jersey : |b Princeton University Press, |c 1963. | ||
| 300 | |a ix, 174 p. ; |c 24 cm. | ||
| 440 | 0 | |a Annals of mathematics studies ; |v no. 55 | |
| 510 | 4 | |a MR, |c 32 #4013 | |
| 100 | 1 | |a Sacks, Gerald E. | |
| 084 | |a 03-XX |2 msc2000 | ||
| 859 | |h 03 |i Sa121d |p A-1584 |b BIB. MATEMATICA | ||
